[Event "XXIV Open"]
[Site "Cappelle La Grande FRA"]
[Date "2008.02.18"]
[Round "3"]
[White "Salomon,D"]
[Black "Durarbeyli,V"]
[Result "1/2-1/2"]
[WhiteElo "2108"]
[BlackElo "2392"]
[EventDate "2008.02.16"]

1. e4 c5 2. Nf3 a6 3. d4 cxd4 4. Nxd4 Nf6 5. Nc3 e5 6. Nb3 Bb4 7. Bd2 Bxc3
8. Bxc3 Nxe4 9. Qg4 Nf6 10. Qxg7 Rg8 11. Qh6 Rg6 12. Qe3 Nd5 13. Qc5 Nxc3
14. Qxc3 d5 15. O-O-O Nc6 16. h4 d4 17. Qd2 Bf5 18. f3 h5 19. Bd3 Bxd3 20.
Qxd3 Qc7 21. g4 Nb4 22. Qe4 Kf8 23. Kb1 a5 24. a3 Na6 25. gxh5 Rb6 26. Qh7
Rc8 27. Rhe1 Re6 28. Nxd4 exd4 29. Rxe6 fxe6 30. Qh8+ Kf7 31. Qh7+ Kf8 32.
Qh8+ Kf7 33. Qh7+ 1/2-1/2

[Event "XXIV Open"]
[Site "Cappelle La Grande FRA"]
[Date "2008.02.18"]
[Round "3"]
[White "Clery,N"]
[Black "Monsieux,S"]
[Result "1-0"]
[WhiteElo "2390"]
[BlackElo "2106"]
[EventDate "2008.02.16"]

1. Nf3 g6 2. c4 Bg7 3. Nc3 c6 4. e4 d6 5. d4 a6 6. Be2 b5 7. a3 Nd7 8. O-O
Ngf6 9. e5 dxe5 10. dxe5 Ng4 11. e6 Nde5 12. Qxd8+ Kxd8 13. cxb5 axb5 14.
Nd4 Bxe6 15. Nxe6+ fxe6 16. f4 Nd3 17. Bxg4 Bd4+ 18. Kh1 Nf2+ 19. Rxf2 Bxf2
20. Ne4 Bh4 21. Be3 Bf6 22. Rd1+ Ke8 23. Nxf6+ exf6 24. Bf3 Rc8 25. Rd6 c5
26. Bc6+ Ke7 27. Rd7+ 1-0

[Event "XXIV Open"]
[Site "Cappelle La Grande FRA"]
[Date "2008.02.18"]
[Round "3"]
[White "Adamowicz,K"]
[Black "Czerwonski,A"]
[Result "1/2-1/2"]
[WhiteElo "2079"]
[BlackElo "2388"]
[EventDate "2008.02.16"]

1. e4 d6 2. d4 Nf6 3. Nc3 g6 4. f4 Bg7 5. Nf3 O-O 6. Be3 b6 7. Qd2 c5 8.
O-O-O cxd4 9. Nxd4 Bb7 10. e5 Ng4 11. e6 f5 12. h4 h5 13. Be2 Nxe3 14. Qxe3
Nc6 15. Nf3 Qc8 16. Nd5 Ba6 17. Kb1 Bxe2 18. Qxe2 Qb7 19. Qf2 Nd8 20. Rhe1
Rc8 21. Qg3 Kh7 22. Ng5+ Kh6 23. Nf7+ Nxf7 24. exf7 Bf6 25. Re6 Qc6 26. c3
Rxf7 27. Nxf6 exf6 28. Rdxd6 Qc4 29. Rxf6 1/2-1/2

[Event "XXIV Open"]
[Site "Cappelle La Grande FRA"]
[Date "2008.02.18"]
[Round "3"]
[White "Foisor,S"]
[Black "Ribaud Chevrey,P"]
[Result "1-0"]
[WhiteElo "2386"]
[BlackElo "2073"]
[EventDate "2008.02.16"]

1. d4 Nf6 2. c4 d6 3. Nc3 Nbd7 4. Bg5 e5 5. e3 Be7 6. Bd3 c6 7. Qc2 Qc7 8.
Nf3 Nf8 9. Bh4 Bg4 10. Ng1 Bh5 11. Nge2 Bg6 12. f3 Bxd3 13. Qxd3 N8d7 14.
Bf2 a6 15. O-O O-O 16. g4 Kh8 17. Ng3 g6 18. Kg2 Ng8 19. Rad1 Rad8 20. h3
Nh6 21. e4 f5 22. exf5 gxf5 23. Qd2 f4 24. Nge4 Nf7 25. b4 Nf6 26. d5 Nxe4
27. Nxe4 Rg8 28. a4 a5 29. Rb1 Rb8 30. b5 c5 31. b6 Qd8 32. Qxa5 Ra8 33.
Qb5 Bh4 34. a5 Bxf2 35. Rxf2 Ra6 36. Ra1 Kg7 37. Kf1 h6 38. Ke2 Qe7 39. h4
Rd8 40. g5 hxg5 41. hxg5 Rh8 42. Rg1 Rh5 43. Rfg2 Ra8 44. Ra1 Ra6 45. Kd3
Rh3 46. Rf2 Qd8 47. Rg1 Qe7 48. Kd2 Ra8 49. Qa4 Rh5 50. Rfg2 Rh3 51. Ke2
Kg6 52. Qc2 Kg7 53. g6 Nh6 54. Ng5 Rh5 55. Ne6+ Kg8 56. Rg5 Rh2+ 57. R1g2
Qxg5 58. Rxh2 Qf5 59. Qxf5 Nxf5 60. g7 1-0

[Event "XXIV Open"]
[Site "Cappelle La Grande FRA"]
[Date "2008.02.18"]
[Round "3"]
[White "Pijpers,A"]
[Black "Wang Puchen"]
[Result "1-0"]
[WhiteElo "2051"]
[BlackElo "2383"]
[EventDate "2008.02.16"]

1. e4 e6 2. d4 d5 3. Nc3 Nf6 4. e5 Nfd7 5. f4 c5 6. Nf3 Nc6 7. Be3 cxd4 8.
Nxd4 Bc5 9. Qd2 O-O 10. O-O-O a6 11. h4 Nxd4 12. Bxd4 b5 13. Rh3 b4 14. Na4
Bxd4 15. Qxd4 a5 16. f5 Qc7 17. Re1 Ba6 18. Bxa6 Rxa6 19. f6 gxf6 20. Rg3+
Kh8 21. Qg4 1-0

[Event "XXIV Open"]
[Site "Cappelle La Grande FRA"]
[Date "2008.02.18"]
[Round "3"]
[White "O'Toole,G"]
[Black "Grooten,H"]
[Result "0-1"]
[WhiteElo "1985"]
[BlackElo "2375"]
[EventDate "2008.02.16"]

1. e4 c6 2. c4 d5 3. exd5 Nf6 4. Nc3 cxd5 5. cxd5 Nxd5 6. Nf3 Nxc3 7. bxc3
g6 8. d4 Bg7 9. Bd3 O-O 10. O-O Nc6 11. Re1 b6 12. Be4 Bb7 13. h4 Na5 14.
Qe2 Bxe4 15. Qxe4 e6 16. Ne5 Qd5 17. Qf4 Nc4 18. a4 Rac8 19. Ba3 Bxe5 20.
dxe5 Nxa3 21. Rxa3 Rc4 22. Qe3 Rxh4 23. a5 bxa5 24. Qxa7 Ra8 25. Qe3 a4 26.
Re2 Rb8 27. f3 Rb1+ 28. Kf2 Qb5 29. Raa2 Rc4 30. Red2 Rc8 31. Qd4 Qf1+ 32.
Kg3 Qe1+ 33. Kf4 Rb5 34. Rxa4 Rd5 0-1

[Event "XXIV Open"]
[Site "Cappelle La Grande FRA"]
[Date "2008.02.18"]
[Round "3"]
[White "Glud,J"]
[Black "Feryn,A"]
[Result "1-0"]
[WhiteElo "2486"]
[BlackElo "1918"]
[EventDate "2008.02.16"]

1. c4 Nf6 2. g3 g6 3. Bg2 Bg7 4. Nc3 O-O 5. d3 d6 6. Bg5 Nbd7 7. e4 c6 8.
Nge2 a6 9. Rc1 Rb8 10. Qd2 Re8 11. O-O Ne5 12. f4 Qb6+ 13. Kh1 Neg4 14. d4
e5 15. c5 dxc5 16. dxe5 Nh5 17. h3 Nxe5 18. fxe5 Bxe5 19. g4 Ng7 20. Bf4
Bxf4 21. Nxf4 Ne6 22. Qd6 Ra8 23. Nfd5 1-0

[Event "XXIV Open"]
[Site "Cappelle La Grande FRA"]
[Date "2008.02.18"]
[Round "4"]
[White "Degraeve,JM"]
[Black "Fedorchuk,S"]
[Result "1/2-1/2"]
[WhiteElo "2535"]
[BlackElo "2652"]
[EventDate "2008.02.16"]

1. e4 e5 2. Nf3 Nc6 3. Bb5 a6 4. Ba4 Nf6 5. O-O b5 6. Bb3 Bc5 7. c3 d6 8.
a4 Bb7 9. d4 Bb6 10. Bg5 h6 11. Bxf6 Qxf6 12. Bd5 O-O 13. Na3 Rfb8 14. Nc2
bxa4 15. Rxa4 a5 16. Re1 Ra7 17. h3 Ne7 18. Bxb7 Raxb7 19. Ne3 Qe6 20. Nc4
Ng6 21. dxe5 dxe5 22. Re2 Nf4 23. Rd2 Qg6 24. Nh4 Qg5 25. Qg4 Ne6 26. Ra2
Nc5 27. Qxg5 hxg5 28. Nf5 Nxe4 29. Re2 Nd6 30. Nfxd6 cxd6 31. Nxd6 Rc7 32.
Ne4 f6 33. Kf1 Rd7 34. Rd2 Rxd2 35. Nxd2 Kf7 36. Nc4 Ke6 37. Nxb6 Rxb6 38.
Rxa5 Rxb2 39. Ra7 Rc2 1/2-1/2

[Event "XXIV Open"]
[Site "Cappelle La Grande FRA"]
[Date "2008.02.18"]
[Round "4"]
[White "Kveinys,A"]
[Black "Kryvoruchko,Y"]
[Result "0-1"]
[WhiteElo "2521"]
[BlackElo "2597"]
[EventDate "2008.02.16"]

1. d4 Nf6 2. Nf3 e6 3. Bf4 c5 4. e3 d5 5. c3 Bd6 6. Bb5+ Nc6 7. Bxd6 Qxd6
8. Nbd2 O-O 9. O-O Bd7 10. a4 a6 11. Bxc6 Bxc6 12. Ne5 Nd7 13. Nxd7 Bxd7
14. a5 b6 15. Qb3 b5 16. Qd1 b4 17. Nb3 bxc3 18. bxc3 cxd4 19. cxd4 Bb5 20.
Re1 Rac8 21. Qd2 Rc4 22. Rec1 Rfc8 23. Nc5 e5 24. Rxc4 dxc4 25. Ne4 Qc7 26.
Nc3 exd4 27. exd4 h6 28. h3 Qd6 29. d5 Qc5 30. Re1 Bd7 31. Re3 Qxa5 32. Rg3
Qb6 33. d6 Kf8 34. Qd5 Qc5 35. Qd2 Re8 36. Rf3 Qg5 37. Qd1 a5 38. Qb1 Kg8
39. Qb7 Re1+ 40. Kh2 Qe5+ 41. Rg3 Qxd6 42. Ne4 Qe5 43. Nd2 Qa1 44. Qb8+ Kh7
45. Rf3 Be6 0-1

[Event "XXIV Open"]
[Site "Cappelle La Grande FRA"]
[Date "2008.02.18"]
[Round "4"]
[White "Kazhgaleyev,M"]
[Black "Czarnota,P"]
[Result "1-0"]
[WhiteElo "2594"]
[BlackElo "2530"]
[EventDate "2008.02.16"]

1. d4 Nf6 2. c4 g6 3. Nc3 Bg7 4. e4 d6 5. Bd3 O-O 6. Nge2 c5 7. d5 e6 8. h3
exd5 9. cxd5 Re8 10. O-O b6 11. Bg5 a6 12. a4 Nbd7 13. f4 Bb7 14. Ng3 h6
15. Bh4 b5 16. axb5 Qb6 17. Kh1 axb5 18. Rxa8 Rxa8 19. Bxb5 Ra5 20. Qe2 Ba6
21. Bxa6 Qxa6 22. e5 Qxe2 23. Ngxe2 Ne8 24. e6 fxe6 25. dxe6 Ndf6 26. f5 g5
27. Be1 Ra1 28. Ng3 d5 29. Bf2 Rxf1+ 30. Nxf1 d4 31. Na4 Ne4 32. Be1 c4 33.
g4 Be5 34. Kg2 N8f6 35. Kf3 h5 36. Nb6 hxg4+ 37. hxg4 c3 38. bxc3 dxc3 39.
Ne3 Bf4 40. Nd7 Bxe3 41. Bxc3 1-0

[Event "XXIV Open"]
[Site "Cappelle La Grande FRA"]
[Date "2008.02.18"]
[Round "4"]
[White "Edouard,R"]
[Black "Savchenko,B"]
[Result "1/2-1/2"]
[WhiteElo "2507"]
[BlackElo "2589"]
[EventDate "2008.02.16"]

1. e4 g6 2. d4 Bg7 3. Nc3 c6 4. Nf3 d6 5. a4 Nf6 6. Be2 O-O 7. O-O Qc7 8.
e5 dxe5 9. Nxe5 Nfd7 10. Nc4 Nf6 11. a5 Na6 12. Ne5 Nd7 13. Nxd7 Bxd7 14.
Bg5 Qd6 15. Ne4 Qd5 16. Bf3 Bg4 17. Bxe7 Rfe8 18. Nf6+ Bxf6 19. Bxf6 Bxf3
20. Qxf3 Qxf3 21. gxf3 Re6 22. Bg5 Re2 23. Rfe1 Rxc2 24. Re7 h6 25. Bf6
Rxb2 26. Rae1 g5 27. Rd7 Rb5 28. Ree7 Rf8 29. Rxb7 Rxa5 30. Be5 Rd5 31.
Rxa7 Nb4 32. Red7 Rxd7 33. Rxd7 Nd5 34. Kg2 f6 35. Bd6 Re8 36. Kg3 h5 37.
h4 Re1 38. hxg5 Rg1+ 39. Kh3 Rxg5 40. Kh4 Rf5 41. f4 Nc3 42. Bc5 Ne2 43.
Rc7 Nxf4 44. Rxc6 Kf7 45. f3 Nd3 46. Kg3 Rg5+ 47. Kh3 Nf4+ 48. Kh4 Ng6+ 49.
Kh3 Rf5 50. Kg3 h4+ 51. Kf2 Nf4 52. Rc8 Nh3+ 53. Ke3 Ng5 54. f4 Ne6 55. Rh8
Nxf4 56. Ke4 Rh5 57. Rxh5 Nxh5 58. Kf5 1/2-1/2

[Event "XXIV Open"]
[Site "Cappelle La Grande FRA"]
[Date "2008.02.18"]
[Round "4"]
[White "Papin,V"]
[Black "Dervishi,E"]
[Result "1-0"]
[WhiteElo "2475"]
[BlackElo "2543"]
[EventDate "2008.02.16"]

1. d4 Nf6 2. c4 e6 3. Nf3 b6 4. Nc3 Bb7 5. a3 d5 6. cxd5 exd5 7. g3 Be7 8.
Qa4+ c6 9. Bg2 O-O 10. Bf4 Nbd7 11. Rd1 b5 12. Qc2 a5 13. Ne5 Nb6 14. O-O
Qc8 15. Rc1 Qe6 16. Rfe1 b4 17. Na4 Nxa4 18. Qxa4 Rfc8 19. Nd3 Ba6 20. axb4
Bb5 21. Qb3 Bc4 22. Qc3 axb4 23. Nxb4 Ne4 24. Bxe4 Qxe4 25. Nd3 g5 26. f3
Qe6 27. Bd2 Rab8 28. Nc5 Qf5 29. e4 Qh3 30. exd5 Bxc5 31. dxc5 Bxd5 32. Qf6
Be6 33. Bc3 Kf8 34. Rcd1 Qf5 35. Qh8+ Ke7 36. Bf6+ Qxf6 37. Rd7+ Kxd7 38.
Qxf6 Rb3 39. Qxg5 Rxb2 40. Rxe6 Rb1+ 41. Kg2 Kxe6 42. Qe3+ 1-0

[Event "XXIV Open"]
[Site "Cappelle La Grande FRA"]
[Date "2008.02.18"]
[Round "4"]
[White "Belov,Vl"]
[Black "Ghane,S"]
[Result "1/2-1/2"]
[WhiteElo "2578"]
[BlackElo "2442"]
[EventDate "2008.02.16"]

1. d4 d5 2. c4 e6 3. Nc3 Be7 4. Nf3 Nf6 5. Bg5 Nbd7 6. e3 O-O 7. cxd5 exd5
8. Bd3 c6 9. O-O Re8 10. h3 Nf8 11. Bf4 Ng6 12. Bh2 Bd6 13. Bxd6 Qxd6 14.
Qc2 Bd7 15. Rfc1 Re7 16. b4 Rae8 17. b5 Ne4 18. bxc6 bxc6 19. Bf1 Qf6 20.
Nxe4 dxe4 21. Nd2 Nh4 22. g3 Nf3+ 23. Nxf3 exf3 24. Qc5 Qh6 25. h4 Rxe3 26.
Qxa7 R3e7 27. Qc5 Re4 28. Rab1 Qd2 29. a4 Rg4 30. Qc3 Qf4 1/2-1/2

[Event "XXIV Open"]
[Site "Cappelle La Grande FRA"]
[Date "2008.02.18"]
[Round "4"]
[White "Cossin,S"]
[Black "Gharamian,T"]
[Result "1/2-1/2"]
[WhiteElo "2438"]
[BlackElo "2558"]
[EventDate "2008.02.16"]

1. d4 Nf6 2. c4 e6 3. Nc3 Bb4 4. e3 b6 5. Nge2 Bb7 6. a3 Bd6 7. Ng3 h5 8.
Bd3 h4 9. Nge4 Nxe4 10. Bxe4 Bxe4 11. Nxe4 Be7 12. Nc3 d5 13. cxd5 exd5 14.
Qf3 c6 15. e4 dxe4 16. Qxe4 O-O 17. O-O Bf6 18. Be3 a6 19. Rad1 Ra7 20. d5
c5 21. d6 Rd7 22. Qd5 Re8 23. a4 Re6 24. Ne4 Bxb2 25. a5 Qe8 26. f3 Be5 27.
axb6 Bxd6 28. Qc4 h3 29. g3 Be7 30. Rb1 Rb7 31. Bxc5 Bxc5+ 32. Qxc5 Nd7 33.
Qf5 Rexb6 34. Rxb6 Rxb6 35. Qxh3 Nf6 36. Rc1 Rc6 37. Nxf6+ gxf6 38. Qg4+
Kf8 39. Qb4+ Kg7 40. Qg4+ Kf8 41. Qb4+ 1/2-1/2

[Event "XXIV Open"]
[Site "Cappelle La Grande FRA"]
[Date "2008.02.18"]
[Round "4"]
[White "Tomczak,J"]
[Black "Sumets,A"]
[Result "1/2-1/2"]
[WhiteElo "2433"]
[BlackElo "2541"]
[EventDate "2008.02.16"]

1. e4 e6 2. d4 d5 3. Nc3 Nf6 4. e5 Nfd7 5. f4 c5 6. Nf3 Nc6 7. Be3 cxd4 8.
Nxd4 Bc5 9. Qd2 O-O 10. O-O-O a6 11. Qf2 Bxd4 12. Bxd4 b5 13. Bd3 b4 14.
Na4 a5 15. Bb6 Nxb6 16. Qxb6 Rb8 17. Qxd8 Rxd8 1/2-1/2

[Event "XXIV Open"]
[Site "Cappelle La Grande FRA"]
[Date "2008.02.18"]
[Round "4"]
[White "Marholev,D"]
[Black "Renet,O"]
[Result "0-1"]
[WhiteElo "2401"]
[BlackElo "2513"]
[EventDate "2008.02.16"]

1. e4 c5 2. Nc3 e6 3. Nge2 Nf6 4. d4 cxd4 5. Nxd4 d6 6. g4 Nc6 7. g5 Nd7 8.
Ndb5 Nb6 9. Bf4 Ne5 10. Be2 a6 11. Na3 Nc6 12. Qd2 d5 13. exd5 exd5 14. Bf3
Be6 15. Rd1 Bxa3 16. bxa3 Nc4 17. Qe2 Qa5 18. Bd2 Nd4 0-1

[Event "XXIV Open"]
[Site "Cappelle La Grande FRA"]
[Date "2008.02.18"]
[Round "4"]
[White "Moroz,A"]
[Black "Zeberski,J"]
[Result "0-1"]
[WhiteElo "2512"]
[BlackElo "2398"]
[EventDate "2008.02.16"]

1. e4 e5 2. Nf3 Nc6 3. Bb5 a6 4. Ba4 Nf6 5. O-O Be7 6. Re1 b5 7. Bb3 d6 8.
a4 Bg4 9. c3 O-O 10. h3 Bh5 11. d3 Na5 12. Bc2 c5 13. Nbd2 Qc7 14. Nf1 h6
15. g4 Bg6 16. Ng3 Rfe8 17. Nh4 Nh7 18. Nhf5 Bg5 19. Be3 Bxf5 20. gxf5 b4
21. Kh2 Rab8 22. Rg1 b3 23. Bb1 Bxe3 24. fxe3 Qe7 25. Nf1 Kh8 26. Nd2 g6
27. Ra3 gxf5 28. Nxb3 Rg8 29. Bc2 Qh4 30. Qe1 Ng5 31. Qg3 f4 32. exf4 exf4
33. Qg2 Nxh3 34. Qxh3 Qxh3+ 35. Kxh3 Rxg1 0-1

[Event "XXIV Open"]
[Site "Cappelle La Grande FRA"]
[Date "2008.02.18"]
[Round "4"]
[White "Martinez Martin,D"]
[Black "Lalic,B"]
[Result "1/2-1/2"]
[WhiteElo "2395"]
[BlackElo "2507"]
[EventDate "2008.02.16"]

1. d4 d5 2. c4 e6 3. Nc3 Be7 4. Nf3 Nf6 5. Bg5 h6 6. Bh4 O-O 7. e3 b6 8.
Rb1 Ne4 9. Bxe7 Qxe7 10. Qc2 Bb7 11. cxd5 Nxc3 12. Qxc3 Bxd5 13. Bc4 Bb7
14. b4 Rc8 15. Be2 c5 16. dxc5 bxc5 17. b5 Nd7 18. a4 a5 19. Nd2 Qg5 20.
Bf3 Bxf3 21. gxf3 Nb6 22. Ne4 Qf5 23. Rg1 e5 24. Rd1 Rd8 25. Ke2 Qe6 26.
Rxd8+ Rxd8 27. Nxc5 Qa2+ 28. Kf1 Nxa4 29. Nxa4 Rd1+ 30. Kg2 Rxg1+ 31. Kxg1
Qb1+ 32. Kg2 Qg6+ 1/2-1/2

[Event "XXIV Open"]
[Site "Cappelle La Grande FRA"]
[Date "2008.02.18"]
[Round "4"]
[White "Grooten,H"]
[Black "Totsky,L"]
[Result "1/2-1/2"]
[WhiteElo "2375"]
[BlackElo "2498"]
[EventDate "2008.02.16"]

1. d4 e6 2. c4 b6 3. a3 Bb7 4. Nc3 f5 5. Nh3 g6 6. f3 Nf6 7. Nf2 d5 8. Bf4
Bd6 9. Bxd6 cxd6 10. cxd5 Nxd5 11. Nxd5 exd5 12. e3 O-O 13. Qb3 Qe7 14.
O-O-O Kg7 15. Kb1 Nc6 16. Bb5 Na5 17. Qb4 Nc4 18. Bxc4 dxc4 19. Qxc4 Qxe3
20. Nd3 Rf7 21. Rhe1 Qg5 22. Re2 Rc8 23. Qa4 Bd5 24. Nb4 f4 25. Ka1 Bc4 26.
Rc2 a5 27. Na2 Bb5 28. Qb3 a4 29. Qxf7+ Kxf7 30. Rxc8 Qxg2 31. Rc7+ Kf6 32.
Nc3 Qxf3 33. Re1 Bd3 34. Rxh7 Qf2 35. Rd1 Bc2 36. h4 Kf5 37. Rc1 Kg4 38.
Re7 f3 39. Nd5 Bb3 40. Re4+ Kg3 41. Ne3 Qe2 42. h5 gxh5 43. Nf5+ Kf2 44.
Rh4 Kg2 45. Rch1 f2 46. R1h2+ Kg1 47. Rh1+ Kg2 48. R1h2+ 1/2-1/2

[Event "XXIV Open"]
[Site "Cappelle La Grande FRA"]
[Date "2008.02.18"]
[Round "4"]
[White "Szelag,M"]
[Black "Tuncer,U"]
[Result "1-0"]
[WhiteElo "2484"]
[BlackElo "2301"]
[EventDate "2008.02.16"]

1. e4 c5 2. Nf3 d6 3. d4 cxd4 4. Nxd4 Nf6 5. Nc3 g6 6. Be3 Bg7 7. f3 Nc6 8.
Qd2 O-O 9. Bc4 Bd7 10. h4 Rc8 11. Bb3 Ne5 12. O-O-O h5 13. Kb1 Rxc3 14.
Qxc3 b5 15. Bf4 Qb6 16. Bxe5 dxe5 17. Ne2 a5 18. a3 b4 19. axb4 axb4 20.
Qd2 Kh7 21. Nc1 Bh6 22. Qe1 Bxc1 23. Rxc1 Ra8 24. c4 bxc3 25. Qxc3 Rc8 26.
Bc4 Be6 27. Qd3 Rd8 28. Qe2 Qb4 29. Qe1 Qa4 30. Bxe6 fxe6 31. Qc3 Ra8 32.
Qc4 Qa1+ 33. Kc2 Qa7 34. Rhd1 Rb8 35. Kb1 Qb6 36. Rc2 Rb7 37. Qc5 Qb3 38.
Rd8 Kg7 39. Rcd2 Kf7 40. Ra8 Nd7 41. Qc8 Nb8 42. Ra3 Qb5 43. Rc3 Na6 44.
Rc6 Qf1+ 45. Rc1 Qb5 46. Qc6 Qa5 47. Qxb7 Nb4 48. b3 Qa3 49. Rc3 1-0

[Event "XXIV Open"]
[Site "Cappelle La Grande FRA"]
[Date "2008.02.18"]
[Round "4"]
[White "Kanarek,M"]
[Black "Naumkin,I"]
[Result "0-1"]
[WhiteElo "2348"]
[BlackElo "2475"]
[EventDate "2008.02.16"]

1. e4 e5 2. Nf3 Nc6 3. Bb5 a6 4. Ba4 Nf6 5. O-O Be7 6. Re1 b5 7. Bb3 O-O 8.
d3 d6 9. c3 h6 10. Nbd2 Re8 11. Nf1 Bf8 12. a4 Rb8 13. axb5 axb5 14. Ne3
Ne7 15. h3 Ng6 16. Nf5 d5 17. N3h4 Nxh4 18. Nxh4 Bb7 19. Qf3 g6 20. exd5
Bxd5 21. Bxd5 Nxd5 22. Qg3 Bg7 23. Ra6 Qc8 24. Ra7 b4 25. Bd2 bxc3 26. Bxc3
Nf4 27. Re3 g5 28. Nf3 Rb5 29. Nd2 Rd5 30. Nc4 Rxd3 31. Kh2 Rd5 32. Qf3 f5
33. Bxe5 Bxe5 34. Nxe5 Kg7 35. Rc3 Re7 36. Nc6 Red7 37. Nb4 Rb5 38. Na6 Nd5
39. Rc6 Rb7 40. Qh5 Nf6 41. Qf3 Qe8 42. Nxc7 Qe5+ 43. g3 Rxb2 44. Ne6+ Kg6
45. Raa6 Qe1 46. Kg2 Rb1 47. Nf4+ Kh7 0-1

[Event "XXIV Open"]
[Site "Cappelle La Grande FRA"]
[Date "2008.02.18"]
[Round "4"]
[White "Reinaldo Castineira,R"]
[Black "Hrabinska,M"]
[Result "1-0"]
[WhiteElo "2473"]
[BlackElo "2263"]
[EventDate "2008.02.16"]

1. e4 c5 2. Nc3 d6 3. Nge2 a6 4. d4 cxd4 5. Nxd4 Nf6 6. Be3 e6 7. f3 b5 8.
Qd2 Bb7 9. O-O-O Nbd7 10. Kb1 Be7 11. g4 Nb6 12. Qf2 Nfd7 13. Bd3 Rc8 14.
Nce2 Nc5 15. h4 Qc7 16. g5 d5 17. e5 Nba4 18. h5 Ne4 19. fxe4 dxe4 20. g6
O-O 21. Bxb5 axb5 22. Qg3 Bd5 23. gxh7+ Kxh7 24. Rdg1 Rg8 25. Qf4 Bxa2+ 26.
Ka1 Ra8 27. Rg6 Bf8 28. h6 fxg6 29. hxg7+ Kxg7 30. Qf6+ 1-0

[Event "XXIV Open"]
[Site "Cappelle La Grande FRA"]
[Date "2008.02.18"]
[Round "4"]
[White "Kienitz,A"]
[Black "Vavrak,P"]
[Result "0-1"]
[WhiteElo "2193"]
[BlackElo "2472"]
[EventDate "2008.02.16"]

1. e4 c5 2. Nf3 Nc6 3. d4 cxd4 4. Nxd4 g6 5. c4 Nf6 6. Nc3 d6 7. Be2 Nxd4
8. Qxd4 Bg7 9. Be3 O-O 10. Qd2 a5 11. O-O a4 12. f3 Qa5 13. Rfd1 Be6 14.
Nd5 Bxd5 15. cxd5 Qxd2 16. Rxd2 Rfc8 17. Rad1 Nd7 18. Kf2 Nc5 19. Bd4 Bh6
20. Be3 Bg7 21. Bd4 f5 22. Bxg7 Kxg7 23. exf5 gxf5 24. Rd4 h6 25. Ke3 Kf6
26. R1d2 a3 27. bxa3 Rxa3+ 28. Kf2 Rca8 29. Bc4 R8a4 30. Ke2 Rc3 31. Bb5
Rxd4 32. Rxd4 Rc2+ 33. Rd2 Rxd2+ 34. Kxd2 Ke5 35. g4 fxg4 36. fxg4 Ne4+ 37.
Ke3 Nf6 38. Kf3 Nxd5 39. h4 Nc3 40. Bc4 d5 41. Bb3 b5 42. Ke3 d4+ 43. Kf3
b4 44. Bc4 Kf6 45. Kf4 e5+ 46. Kf3 e4+ 47. Kf4 e3 48. g5+ hxg5+ 49. hxg5+
Kg7 0-1

[Event "XXIV Open"]
[Site "Cappelle La Grande FRA"]
[Date "2008.02.18"]
[Round "4"]
[White "Akesson,R"]
[Black "Mandon,F"]
[Result "1-0"]
[WhiteElo "2470"]
[BlackElo "2186"]
[EventDate "2008.02.16"]

1. d4 Nf6 2. c4 c5 3. d5 e6 4. Nc3 exd5 5. cxd5 d6 6. e4 g6 7. f4 Bg7 8.
Bb5+ Nbd7 9. e5 dxe5 10. fxe5 Nh5 11. e6 Qh4+ 12. g3 Nxg3 13. hxg3 Qxh1 14.
Be3 Bxc3+ 15. bxc3 a6 16. exd7+ Bxd7 17. Bxd7+ Kxd7 18. Qf3 Qxf3 19. Nxf3
Rhe8 20. Kf2 c4 21. a4 f6 22. a5 Kd6 23. Rd1 g5 24. Bc1 Rac8 25. Ba3+ Kd7
26. Rh1 h5 27. Rxh5 Rh8 28. Rxh8 Rxh8 29. g4 Kc7 30. Be7 Rg8 31. Nd2 Kd7
32. Bb4 Rh8 33. Nxc4 Rh1 34. Nd6 Rd1 35. Ne4 1-0

[Event "XXIV Open"]
[Site "Cappelle La Grande FRA"]
[Date "2008.02.18"]
[Round "4"]
[White "Babaev,Ra"]
[Black "De Verdier,M"]
[Result "1-0"]
[WhiteElo "2468"]
[BlackElo "2147"]
[EventDate "2008.02.16"]

1. e4 c5 2. Nf3 d6 3. d4 cxd4 4. Nxd4 Nf6 5. Nc3 Nc6 6. Be2 e5 7. Nf3 h6 8.
O-O Be7 9. Re1 O-O 10. h3 Be6 11. Bf1 Qd7 12. b3 Bd8 13. a3 Bb6 14. Na4 Bc7
15. c4 Rfd8 16. Nc3 Bb6 17. Be3 Bxe3 18. Rxe3 Ne7 19. Ra2 Qc6 20. Rd2 Rd7
21. Nh2 Ne8 22. Ng4 f5 23. exf5 Nxf5 24. Re1 h5 25. Ne3 Nf6 26. Nxf5 Bxf5
27. Nd5 Bg6 28. Rxe5 dxe5 29. Nxf6+ Qxf6 30. Rxd7 Rf8 31. Qd2 Be4 32. c5
Bc6 33. Rd6 Qf4 34. b4 Qxd2 35. Rxd2 a6 36. Bc4+ Kh7 37. Rd6 Rf6 38. Rxf6
gxf6 39. h4 1-0

[Event "XXIV Open"]
[Site "Cappelle La Grande FRA"]
[Date "2008.02.18"]
[Round "4"]
[White "Yandemirov,V"]
[Black "Gosset,A"]
[Result "1/2-1/2"]
[WhiteElo "2461"]
[BlackElo "2136"]
[EventDate "2008.02.16"]

1. e4 c6 2. d4 d5 3. Nd2 dxe4 4. Nxe4 Nd7 5. Bd3 Ngf6 6. Ng5 e6 7. N1f3 Bd6
8. Qe2 h6 9. Ne4 Nxe4 10. Qxe4 Qc7 11. Bd2 b6 12. Qg4 g5 13. Qe4 Bb7 14.
Qe2 O-O-O 15. O-O-O Bf4 16. Ba6 Bxa6 17. Qxa6+ Kb8 18. Qe2 g4 19. Ne5 Nxe5
20. Bxf4 Nd3+ 21. Rxd3 Qxf4+ 22. Qd2 Qe4 23. Re1 Qxg2 24. Qf4+ Ka8 25. c4
Rd7 26. h3 e5 27. Qf6 Rc8 28. Rg3 Qh2 29. dxe5 Rcd8 30. hxg4 h5 31. Qxc6+
Kb8 32. Qg2 Qxg2 33. Rxg2 Rd4 34. b3 Rd2 35. Kb1 hxg4 36. Rc1 R8d4 37. Rc2
Rd1+ 38. Rc1 R1d2 39. Rc2 Rd1+ 40. Kb2 Re1 41. Rg3 Rf4 42. Re3 Re4 43. Rg3
Rf4 44. Re3 Re4 45. Kc3 Rxe5 46. Kd4 Re6 47. Rxe1 Rxe1 48. f3 gxf3 49. Rf2
Re2 50. Rxf3 Rd2+ 51. Ke5 Rxa2 52. Kd6 Rg2 53. Kc6 Rg6+ 54. Kb5 Rg5+ 55.
Kc6 Rc5+ 56. Kd6 f5 57. Ke6 Kc7 58. Rxf5 Rxf5 59. Kxf5 Kc6 60. b4 b5 61. c5
a5 62. bxa5 Kxc5 1/2-1/2

[Event "XXIV Open"]
[Site "Cappelle La Grande FRA"]
[Date "2008.02.18"]
[Round "4"]
[White "Pijpers,A"]
[Black "De la Villa Garcia,J"]
[Result "0-1"]
[WhiteElo "2051"]
[BlackElo "2460"]
[EventDate "2008.02.16"]

1. e4 c5 2. Nf3 Nc6 3. d4 cxd4 4. Nxd4 Nf6 5. Nc3 d6 6. Bg5 e6 7. Qd2 Be7
8. O-O-O O-O 9. f3 a6 10. g4 Nxd4 11. Qxd4 b5 12. Bxf6 Bxf6 13. Qxd6 Qa5
14. Qc5 Bb7 15. a3 Rfc8 16. Qb4 Qc7 17. Kb1 Qf4 18. Be2 h6 19. Na2 Qe5 20.
Nc1 Rab8 21. Nd3 Qc7 22. c3 a5 23. Qb3 Ba6 24. Rc1 Qa7 25. Qd1 Qe3 26. Rc2
b4 27. axb4 Rd8 28. c4 axb4 29. b3 Ra8 30. Ra2 Bxc4 31. bxc4 Rxa2 32. Kxa2
Qa7+ 33. Kb1 Qa1+ 34. Kc2 Qc3+ 35. Kb1 Ra8 0-1

[Event "XXIV Open"]
[Site "Cappelle La Grande FRA"]
[Date "2008.02.18"]
[Round "4"]
[White "Kotronias,V"]
[Black "Vogel,Ja"]
[Result "1-0"]
[WhiteElo "2628"]
[BlackElo "2251"]
[EventDate "2008.02.16"]

1. e4 e6 2. d4 d5 3. Nd2 Nf6 4. e5 Nfd7 5. c3 c5 6. Bd3 Nc6 7. Ne2 a5 8.
O-O cxd4 9. cxd4 Nb6 10. a4 Bd7 11. f4 g6 12. Nf3 h5 13. b3 Nb4 14. Bb1 Nc8
15. Be3 Na7 16. Kh1 Be7 17. Ng5 Qc7 18. Rf3 Nac6 19. Bf2 Bxg5 20. fxg5 Ne7
21. Qf1 Qb6 22. Bg1 Nf5 23. Bxf5 gxf5 24. Nf4 h4 25. Rc1 Qd8 26. Be3 Rc8
27. Rh3 b5 28. axb5 Rxc1 29. Qxc1 Qb6 30. Bg1 Qxb5 31. g6 fxg6 32. Nxg6 Rh5
33. Rxh4 Rxh4 34. Nxh4 Nc6 35. Qg5 Ne7 36. Qf6 Bc8 37. Nf3 Qxb3 38. h4 1-0

[Event "XXIV Open"]
[Site "Cappelle La Grande FRA"]
[Date "2008.02.18"]
[Round "4"]
[White "Makropoulou,M"]
[Black "Burmakin,V"]
[Result "0-1"]
[WhiteElo "2250"]
[BlackElo "2611"]
[EventDate "2008.02.16"]

1. e4 c6 2. d4 d5 3. Nc3 g6 4. h3 Bg7 5. Nf3 dxe4 6. Nxe4 Nd7 7. Bd3 Ngf6
8. Qe2 O-O 9. O-O Qc7 10. Re1 Nd5 11. Ng3 N7f6 12. a3 Be6 13. Ne5 Nd7 14.
Bd2 Nxe5 15. dxe5 Rad8 16. Rad1 c5 17. b3 Nb6 18. Ba5 Rd5 19. Bc3 c4 20.
bxc4 Nxc4 21. Bxc4 Rxd1 22. Rxd1 Bxc4 23. Qe3 b6 24. f4 Be6 25. Rd2 Rc8 26.
Bd4 Qc6 27. c3 Bh6 28. Ne4 Bd5 29. Nf2 Qe6 30. Ng4 Bg7 31. Qg3 h5 32. Ne3
Be4 33. Rf2 Re8 34. Qh4 f5 35. g4 hxg4 36. hxg4 Kf7 37. Rh2 Rh8 38. Qf2
Rxh2 39. Qxh2 Kg8 40. gxf5 gxf5 41. Qg3 Kh7 42. Ng2 Qg6 43. Kf2 Qxg3+ 44.
Kxg3 e6 45. Ne3 Bd3 46. Nd1 Bf8 47. Nb2 Bb5 48. a4 Bc6 49. Kf2 Kg6 50. Ke3
Kh5 51. c4 Bb4 52. Nd3 Ba5 53. Nb2 Kg4 54. c5 bxc5 55. Bxc5 a6 56. Bd4 Be4
57. Nc4 Be1 58. Nd6 Bc6 59. Nc8 Bxa4 60. Nb6 Bc6 61. Nc4 Bg3 62. Bc5 Bxf4+
63. Kd4 Bh2 0-1